| 000 | 00471nam a2200181Ia 4500 | ||
|---|---|---|---|
| 008 | 230711s9999||||xx |||||||||||||| ||und|| | ||
| 020 | _a978-93-85936-03-6 | ||
| 041 | _aENG | ||
| 082 |
_a720-954 _bRA-O |
||
| 100 | _aRay, Soumyendy Shankar | ||
| 245 | 0 | _aODISHA : an architectural odyssey | |
| 250 | _a1st Ed. | ||
| 260 |
_c2016 _aNew Delhi _bBloomsbury Publishing India Pvt.Ltd |
||
| 300 | _a201p. | ||
| 650 | _aArchitecture | ||
| 700 | _aMisra, Kajri | ||
| 942 | _cBK | ||
| 999 |
_c6035 _d6035 |
||